LEADER 01312nam a2200289 u 4500 001 000000019838 003 CaOOAMICUS 005 20070226110830.0 008 950315s1968 sz u000 u ger u 035 $a10478162 040 $aPUL(R)$bita 100 1 $aPeiffer, Arthur.$0(OLS)http://pul/name/17354 245 14$aDie Enzykliken und ihr formaler Wert für die dogmatische Methode :$bein Beitrag zur theologischen Erkenntnislehre /$cArthur Peiffer. 260 $aFreiburg :$bUniversitätsverlag,$c1968. 300 $axxii, 221 p. ;$c24 cm 490 1 $aStudia Friburgensia ;$v47 504 $aBibliografia: p. xiii-xxi. 650 4$aTeologia$xStudio e insegnamento.$0(OLS)http://pul/subject/2379 650 4$aEncicliche$xStudi.$0(OLS)http://pul/subject/13321 650 4$aTeologia dogmatica.$0(OLS)http://pul/subject/663 830 0$aStudia Friburgensia ;$v47.$0(OLS)http://pul/title/11326 850 $aPUL 852 $aPUL$W1$xDP2 Religione 1$y63$m61 B 38$j27805$nBK-PRI$qStampati$B27805$CPULBib$Z2$F27805 $82 941 1 $a8 961 $aINV: 33326 996 $6245$aDie Enzykliken und ihr formaler Wert für die dogmatische Methode :$bein Beitrag zur theologischen Erkenntnislehre$9(OLS)http://pul/title/28053 996 $6260$aFreiburg :$bUniversitätsverlag$9(OLS)http://pul/publisher/49605 LEADER 01376nam a2200313 u 4500 001 000000112712 003 CaOOAMICUS 005 20080716144738.0 008 080716s2006 it u000 u ita u 020 $z978-88-89736-4* 040 $aPUL$bita$dLDB 041 1 $aita$hger 100 1 $aMörsdorf, Klaus,$d1909-1989.$0(OLS)http://pul/name/7856 245 10$aFondamenti del diritto canonico /$cKlaus Mörsdorf ; edizione e traduzione a cura di Stefano Testa Beppenheim. 260 $aVenezia :$bMarcianum Press,$cc2008. 300 $a331 p. ;$c22 cm 490 1 $aMonografie ;$v03 500 $aContiene indici. 504 $aBibliografia : p. 303-324. 650 4$aDiritto canonico$vManuali e compendi.$0(OLS)http://pul/subject/11542 700 1 $aTesta Bappenheim, Stefano.$0(OLS)http://pul/name/66838 830 0$aMonografie (Marcianum Press) ;$v03.$0(OLS)http://pul/title/119473 850 $aPUL 852 $aPUL$W1$xSL Diritto Canonico 3$y77$m262. 9 DCPIOX 4.3$j128932$qDDC 21$B127909$CPULBib$Z2$F127909 $H108020 $82 941 1 $a9 983 0$aMonografie (Facoltà di diritto canonico San Pio X, Venezia) 996 $6020$z978-88-89736-4*$9(OLS)http://pul/number/138471 996 $6245$aFondamenti del diritto canonico$9(OLS)http://pul/title/141678 996 $6260$aVenezia :$bMarcianum Press$9(OLS)http://pul/publisher/79046